[Event "Internationaal Jeugdtoernooi Limburg 1"]
[Site "Maastricht"]
[Date "1995.07.07"]
[Round "3"]
[White "Kroeze, Frank"]
[Black "Peek, Maurice"]
[Result "1-0"]
[WhiteElo "2386"]
[BlackElo "2115"]
[PlyCount "73"]
[EventDate "1995.07.06"]
[EventType "swiss"]
[EventRounds "7"]
[EventCountry "NED"]
[Source "P.Boonen"]
[SourceDate "2009.01.01"]

1. e4 d5 2. exd5 Nf6 3. Nc3 Nxd5 4. Bc4 Nb6 5. Bb3 c5 6. Qh5 e6 7. d3 N8d7 8.
Bg5 Nf6 9. Qf3 Be7 10. Nge2 O-O 11. O-O Qc7 12. a4 Nbd5 13. Bxd5 Nxd5 14. Nxd5
exd5 15. Bxe7 Qxe7 16. Nf4 d4 17. Rfe1 Qd6 18. Nh5 Bd7 19. Ng3 Bc6 20. Nf5 Qf6
21. Ne7+ Qxe7 22. Rxe7 Bxf3 23. gxf3 Rab8 24. Rae1 g6 25. Rc7 Rfc8 26. Ree7
Rxc7 27. Rxc7 b5 28. a5 c4 29. Rxa7 b4 30. dxc4 b3 31. cxb3 Rxb3 32. Rd7 Rxb2
33. Rxd4 Kg7 34. a6 Ra2 35. Rd6 Ra5 36. Kf1 Kf8 37. Ke2 1-0

[Event "Internationaal Jeugdtoernooi Limburg 1"]
[Site "Maastricht"]
[Date "1995.07.07"]
[Round "3"]
[White "Middelburg, Tom"]
[Black "Huberty, Marc"]
[Result "0-1"]
[WhiteElo "1953"]
[BlackElo "2125"]
[PlyCount "62"]
[EventDate "1995.07.06"]
[EventType "swiss"]
[EventRounds "7"]
[EventCountry "NED"]
[Source "P.Boonen"]
[SourceDate "2009.01.01"]

1. e4 c5 2. Nf3 d6 3. d4 cxd4 4. Nxd4 Nf6 5. Nc3 g6 6. Be3 Bg7 7. f3 O-O 8. Qd2
Nc6 9. Bc4 Bd7 10. h4 Rc8 11. Bb3 Ne5 12. O-O-O Nc4 13. Bxc4 Rxc4 14. h5 Nxh5
15. g4 Nf6 16. Qh2 Rxc3 17. bxc3 Qc7 18. Bh6 Bxh6+ 19. Qxh6 Rc8 20. Ne2 Bb5 21.
g5 Bxe2 22. gxf6 exf6 23. Qxh7+ Kf8 24. Qh6+ Ke7 25. Qf4 Bxd1 26. Rxd1 Qc5 27.
Rd3 Rc6 28. Qh2 Ra6 29. Kd2 Rxa2 30. f4 Qa3 31. e5 Rxc2+ 0-1

[Event "Internationaal Jeugdtoernooi Limburg 1"]
[Site "Maastricht"]
[Date "1995.07.07"]
[Round "3"]
[White "Roobol, Martin"]
[Black "Deegens, Vincent"]
[Result "1/2-1/2"]
[WhiteElo "2275"]
[BlackElo "2043"]
[PlyCount "50"]
[EventDate "1995.07.06"]
[EventType "swiss"]
[EventRounds "7"]
[EventCountry "NED"]
[Source "P.Boonen"]
[SourceDate "2009.01.01"]

1. d4 d5 2. c4 dxc4 3. Nc3 Nf6 4. e3 e6 5. Bxc4 c5 6. Nf3 a6 7. a4 Nc6 8. O-O
Be7 9. Qe2 cxd4 10. Rd1 O-O 11. exd4 Nb4 12. Ne5 Nfd5 13. Ne4 b6 14. Ra3 f5 15.
Ng3 Bg5 16. Bxg5 Qxg5 17. Rb3 a5 18. Nf1 Bb7 19. Rg3 Qe7 20. Nd2 Rac8 21. Ndf3
Nf4 22. Qd2 Nbd5 23. Ng5 Nh5 24. Rh3 Nhf4 25. Rg3 Nh5 1/2-1/2

[Event "Internationaal Jeugdtoernooi Limburg 1"]
[Site "Maastricht"]
[Date "1995.07.07"]
[Round "3"]
[White "Schreiber, Christophe"]
[Black "Wuts, Frank"]
[Result "0-1"]
[WhiteElo "1950"]
[BlackElo "2262"]
[PlyCount "60"]
[EventDate "1995.07.06"]
[EventType "swiss"]
[EventRounds "7"]
[EventCountry "NED"]
[Source "P.Boonen"]
[SourceDate "2009.01.01"]

1. c4 Nf6 2. d4 g6 3. Nc3 Bg7 4. e4 O-O 5. Nf3 d6 6. Be2 Nbd7 7. O-O e5 8. d5
Nh5 9. Be3 Nf4 10. b4 f5 11. c5 Nf6 12. cxd6 cxd6 13. Bxf4 exf4 14. exf5 Bxf5
15. Nd4 Bd7 16. Rc1 Qb6 17. a3 Kh8 18. h3 Rac8 19. Qd2 Rfe8 20. Rfd1 Rxc3 21.
Qxc3 Ba4 22. Rd3 Ne4 23. Qc7 Bxd4 24. Qf7 Bxf2+ 25. Kh1 Bg3 26. Rf3 Nf2+ 27.
Rxf2 Qxf2 28. Bf1 f3 29. b5 fxg2+ 30. Bxg2 Qxf7 0-1

[Event "Internationaal Jeugdtoernooi Limburg 1"]
[Site "Maastricht"]
[Date "1995.07.07"]
[Round "3"]
[White "Segers, Stefan"]
[Black "Renette, Hans"]
[Result "1/2-1/2"]
[WhiteElo "1684"]
[BlackElo "2071"]
[PlyCount "25"]
[EventDate "1995.07.06"]
[EventType "swiss"]
[EventRounds "7"]
[EventCountry "NED"]
[Source "P.Boonen"]
[SourceDate "2009.01.01"]

1. Nf3 d6 2. g3 b5 3. Bg2 Bb7 4. O-O Nf6 5. d4 Nbd7 6. a4 a6 7. c3 e6 8. Bf4
Be7 9. Na3 Qb8 10. axb5 axb5 11. Qb3 Bc6 12. Nd2 Bxg2 13. Kxg2 1/2-1/2

[Event "Internationaal Jeugdtoernooi Limburg 1"]
[Site "Maastricht"]
[Date "1995.07.07"]
[Round "3"]
[White "Snoeck, Rene"]
[Black "Van Nieuwenborg, Alwin"]
[Result "0-1"]
[WhiteElo "1481"]
[BlackElo "1906"]
[PlyCount "88"]
[EventDate "1995.07.06"]
[EventType "swiss"]
[EventRounds "7"]
[EventCountry "NED"]
[Source "P.Boonen"]
[SourceDate "2009.01.01"]

1. e4 c5 2. Nf3 Nc6 3. d4 cxd4 4. Nxd4 Nf6 5. Nc3 e5 6. Nb3 Bb4 7. f3 d5 8. Bg5
d4 9. a3 dxc3 10. Qxd8+ Kxd8 11. O-O-O+ Kc7 12. axb4 cxb2+ 13. Kxb2 Nxb4 14.
Bc4 Rf8 15. Nc5 b6 16. Nd3 Nxd3+ 17. Rxd3 Be6 18. Bxe6 fxe6 19. Rhd1 Rfd8 20.
Rc3+ Kb7 21. Rcd3 Rxd3 22. Rxd3 Kc7 23. Rc3+ Kd7 24. Rd3+ Ke7 25. Rc3 Rd8 26.
Rb3 h6 27. Be3 Rc8 28. Ra3 Rc7 29. Rc3 Rxc3 30. Kxc3 Kd6 31. Kc4 Kc6 32. Bd2 h5
33. g3 a5 34. Bc1 b5+ 35. Kb3 Nd7 36. Bd2 Nc5+ 37. Ka3 b4+ 38. Kb2 Kb5 39. c3
Na4+ 40. Kb3 Nxc3 41. Bxc3 bxc3 42. Kxc3 Kc5 43. h4 a4 44. g4 a3 0-1

[Event "Internationaal Jeugdtoernooi Limburg 1"]
[Site "Maastricht"]
[Date "1995.07.07"]
[Round "3"]
[White "Van Gemen, Felix"]
[Black "Muris, Vivianne"]
[Result "0-1"]
[WhiteElo "1700"]
[BlackElo "1524"]
[PlyCount "52"]
[EventDate "1995.07.06"]
[EventType "swiss"]
[EventRounds "7"]
[EventCountry "NED"]
[Source "P.Boonen"]
[SourceDate "2009.01.01"]

1. e4 e6 2. d4 d5 3. exd5 exd5 4. Bd3 Bd6 5. Nf3 Ne7 6. c3 Bg4 7. Qc2 Qd7 8.
Be3 Bf5 9. Nbd2 O-O 10. O-O-O Bxd3 11. Qxd3 Nf5 12. Ng5 g6 13. Nh3 Re8 14. Bf4
Bxf4 15. Nxf4 Qd6 16. g3 Nd7 17. h4 Nf6 18. h5 Ng4 19. Qf3 Nf6 20. g4 Ne7 21.
hxg6 Nxg6 22. Nxg6 fxg6 23. Rh4 Ne4 24. Rxh7 Ng5 25. Rdh1 Nxf3 26. R1h6 Ng5 0-1

[Event "Internationaal Jeugdtoernooi Limburg 1"]
[Site "Maastricht"]
[Date "1995.07.07"]
[Round "3"]
[White "Van Haastert, Edwin"]
[Black "Kerstens, Dennis"]
[Result "0-1"]
[WhiteElo "2242"]
[BlackElo "2087"]
[PlyCount "44"]
[EventDate "1995.07.06"]
[EventType "swiss"]
[EventRounds "7"]
[EventCountry "NED"]
[Source "P.Boonen"]
[SourceDate "2009.01.01"]

1. Nf3 Nf6 2. g3 d5 3. Bg2 Bg4 4. O-O Nbd7 5. d3 e6 6. b3 Bd6 7. Bb2 c6 8. Nbd2
Qc7 9. c4 h5 10. Rc1 O-O-O 11. cxd5 exd5 12. a3 h4 13. Nxh4 Rxh4 14. gxh4 Rh8
15. Nf3 Bxf3 16. Bxf3 Rxh4 17. Re1 Bxa3 18. Bxa3 Qxh2+ 19. Kf1 Ng4 20. Bc5 Qh3+
21. Bg2 Nh2+ 22. Kg1 Rg4 0-1

[Event "Internationaal Jeugdtoernooi Limburg 1"]
[Site "Maastricht"]
[Date "1995.07.07"]
[Round "3"]
[White "Van Prooijen, Jan Willem"]
[Black "Mueller, Alexander"]
[Result "1/2-1/2"]
[WhiteElo "2110"]
[BlackElo "1850"]
[PlyCount "46"]
[EventDate "1995.07.06"]
[EventType "swiss"]
[EventRounds "7"]
[EventCountry "NED"]
[Source "P.Boonen"]
[SourceDate "2009.01.01"]

1. e4 c6 2. d4 d5 3. exd5 cxd5 4. c4 Nf6 5. Nc3 g6 6. Qb3 Bg7 7. cxd5 O-O 8.
Be2 Nbd7 9. Bf3 Nb6 10. Bf4 Bg4 11. Bxg4 Nxg4 12. Nf3 Nf6 13. d6 exd6 14. O-O
Qd7 15. Nb5 Nc8 16. Rac1 Ne8 17. Nc7 Rb8 18. Qb5 Qxb5 19. Nxb5 a6 20. Nc7 Ne7
21. Nxe8 Rfxe8 22. Bxd6 Rbd8 23. Be5 Nc6 1/2-1/2

[Event "Internationaal Jeugdtoernooi Limburg 1"]
[Site "Maastricht"]
[Date "1995.07.07"]
[Round "4"]
[White "Cohen, Jaap"]
[Black "Croonenborghs, Tom"]
[Result "0-1"]
[WhiteElo "1600"]
[BlackElo "2118"]
[PlyCount "70"]
[EventDate "1995.07.06"]
[EventType "swiss"]
[EventRounds "7"]
[EventCountry "NED"]
[Source "P.Boonen"]
[SourceDate "2009.01.01"]

1. e4 e6 2. d4 d5 3. exd5 exd5 4. Bd3 Nc6 5. Nf3 Bg4 6. c3 Bd6 7. O-O Nge7 8.
Re1 Qd7 9. Be3 O-O-O 10. Nbd2 h6 11. Qc2 Rde8 12. c4 Nb4 13. Qc3 Nxd3 14. Qxd3
dxc4 15. Qxc4 Nd5 16. Qd3 Bf5 17. Qb3 Nb4 18. Rec1 Nd3 19. Rc3 Nf4 20. Kf1 Re6
21. Rac1 Kb8 22. Ne5 Bxe5 23. dxe5 Bd3+ 24. Ke1 Nxg2+ 25. Kd1 Nxe3+ 26. fxe3
Rb6 27. Rxd3 Qg4+ 28. Kc2 Rxb3 29. Nxb3 Qg2+ 30. Kb1 Qxh2 31. Rd7 Qxe5 32. Rxf7
h5 33. Rc5 Qe4+ 34. Ka1 h4 35. Rcxc7 h3 0-1

[Event "Internationaal Jeugdtoernooi Limburg 1"]
[Site "Maastricht"]
[Date "1995.07.07"]
[Round "4"]
[White "De Rijck, Johan"]
[Black "Buch, Thomas"]
[Result "0-1"]
[WhiteElo "1699"]
[BlackElo "1921"]
[PlyCount "86"]
[EventDate "1995.07.06"]
[EventType "swiss"]
[EventRounds "7"]
[EventCountry "NED"]
[Source "P.Boonen"]
[SourceDate "2009.01.01"]

1. e4 Nf6 2. d3 d5 3. exd5 Nxd5 4. Ne2 g6 5. Nbc3 Bg7 6. Nxd5 Qxd5 7. Nc3 Bxc3+
8. bxc3 Qe5+ 9. Be2 Qxc3+ 10. Bd2 Qf6 11. O-O O-O 12. Bh6 Rd8 13. Qd2 Nc6 14.
Bf4 Bf5 15. Rab1 Nd4 16. Rfe1 Qc6 17. Bd1 Be6 18. c3 Nf5 19. Bf3 Bd5 20. Bxd5
Rxd5 21. d4 b6 22. Bg5 f6 23. g4 Nxd4 24. cxd4 Rxg5 25. Qf4 Qd6 26. Qf3 Rd8 27.
Rbd1 Qd5 28. Qf4 Qf5 29. Qxf5 gxf5 30. Rxe7 Rxg4+ 31. Kf1 Rgxd4 32. Rxd4 Rxd4
33. Rxc7 Ra4 34. Rc2 Kf7 35. Re2 Kg6 36. Kg2 Ra3 37. Rc2 f4 38. Rd2 Kg5 39. h3
Kh4 40. Rd7 h5 41. Rd4 Rxa2 42. Rxf4+ Kg5 43. Rb4 Ra5 0-1

[Event "Internationaal Jeugdtoernooi Limburg 1"]
[Site "Maastricht"]
[Date "1995.07.07"]
[Round "4"]
[White "Deegens, Vincent"]
[Black "Kroeze, Frank"]
[Result "1/2-1/2"]
[WhiteElo "2043"]
[BlackElo "2386"]
[PlyCount "37"]
[EventDate "1995.07.06"]
[EventType "swiss"]
[EventRounds "7"]
[EventCountry "NED"]
[Source "P.Boonen"]
[SourceDate "2009.01.01"]

1. e4 e5 2. Nf3 Nf6 3. Nxe5 d6 4. Nc4 Nxe4 5. d4 d5 6. Ne3 Qf6 7. Bb5+ c6 8.
O-O cxb5 9. Nxd5 Qd8 10. Re1 Qxd5 11. Nc3 Qd8 12. Rxe4+ Be7 13. Bg5 Nc6 14. Qe2
Be6 15. Bxe7 Nxe7 16. d5 Nxd5 17. Rd1 O-O 18. Nxd5 Bxd5 19. Re5 1/2-1/2

[Event "Internationaal Jeugdtoernooi Limburg 1"]
[Site "Maastricht"]
[Date "1995.07.07"]
[Round "4"]
[White "Hendriks, Mathijs"]
[Black "Jurrissen, Remy"]
[Result "1/2-1/2"]
[WhiteElo "1550"]
[BlackElo "1750"]
[PlyCount "49"]
[EventDate "1995.07.06"]
[EventType "swiss"]
[EventRounds "7"]
[EventCountry "NED"]
[Source "P.Boonen"]
[SourceDate "2009.01.01"]

1. e4 c6 2. d4 d5 3. e5 g6 4. Nf3 h5 5. Be3 Nh6 6. Bd3 Nf5 7. Qe2 e6 8. Nbd2
Nd7 9. O-O Qc7 10. c4 Bg7 11. Rac1 Nb6 12. b3 O-O 13. Bxf5 exf5 14. c5 Nd7 15.
Bf4 Re8 16. Nh4 Nf8 17. Qe3 Ne6 18. Rfe1 Nxf4 19. Qxf4 Qe7 20. Nhf3 Be6 21. Nf1
Qf8 22. Ng5 Bh6 23. h4 Kg7 24. f3 Qe7 25. Nh2 1/2-1/2

[Event "Internationaal Jeugdtoernooi Limburg 1"]
[Site "Maastricht"]
[Date "1995.07.07"]
[Round "4"]
[White "Hoehensteiger, Patrick"]
[Black "De Heer, Machiel"]
[Result "0-1"]
[WhiteElo "1868"]
[BlackElo "2140"]
[PlyCount "62"]
[EventDate "1995.07.06"]
[EventType "swiss"]
[EventRounds "7"]
[EventCountry "NED"]
[Source "P.Boonen"]
[SourceDate "2009.01.01"]

1. c4 e5 2. Nc3 Nc6 3. g3 g6 4. Bg2 Bg7 5. e3 d6 6. Nge2 Be6 7. Nd5 Nf6 8. d3
O-O 9. O-O Qd7 10. Re1 a5 11. Rb1 Ne8 12. b3 Bh3 13. Bh1 Nb4 14. a3 Nxd5 15.
cxd5 c6 16. dxc6 bxc6 17. Bd2 d5 18. Qc2 Nd6 19. b4 axb4 20. Bxb4 Rfc8 21. Rec1
c5 22. Bxc5 Nb7 23. d4 exd4 24. exd4 Bf5 25. Rxb7 Qxb7 26. Qa2 Be4 27. Nf4 Bxd4
28. Bxe4 dxe4 29. Rb1 Qd7 30. Nd5 Rxc5 31. Nb6 Rc1+ 0-1

[Event "Internationaal Jeugdtoernooi Limburg 1"]
[Site "Maastricht"]
[Date "1995.07.07"]
[Round "4"]
[White "Holtackers, Daan"]
[Black "Snoeck, Rene"]
[Result "1-0"]
[WhiteElo "1736"]
[BlackElo "1481"]
[PlyCount "44"]
[EventDate "1995.07.06"]
[EventType "swiss"]
[EventRounds "7"]
[EventCountry "NED"]
[Source "P.Boonen"]
[SourceDate "2009.01.01"]

1. e4 c6 2. d4 d5 3. Nc3 dxe4 4. Nxe4 Nd7 5. Nf3 Ngf6 6. Bd3 Nxe4 7. Bxe4 Nf6
8. Bd3 Bg4 9. c3 e6 10. Bf4 c5 11. Qa4+ Ke7 12. O-O-O Bxf3 13. gxf3 Nd5 14.
dxc5 f6 15. Bc4 Kf7 16. Bxd5 exd5 17. Qd4 Rc8 18. Qxd5+ Qxd5 19. Rxd5 Bxc5 20.
Rd7+ Kg6 21. Rg1+ Kf5 22. Be3 g5 1-0

[Event "Internationaal Jeugdtoernooi Limburg 1"]
[Site "Maastricht"]
[Date "1995.07.07"]
[Round "4"]
[White "Hoogendoorn, Joost"]
[Black "Kouwenhoven, Marisca"]
[Result "1-0"]
[WhiteElo "2242"]
[BlackElo "1958"]
[PlyCount "58"]
[EventDate "1995.07.06"]
[EventType "swiss"]
[EventRounds "7"]
[EventCountry "NED"]
[Source "P.Boonen"]
[SourceDate "2009.01.01"]

1. e4 c5 2. Nf3 e6 3. c3 d5 4. e5 d4 5. cxd4 cxd4 6. Bd3 Qa5 7. O-O Nc6 8. Qe2
Nge7 9. Na3 Ng6 10. Nc4 Qc7 11. g3 Bc5 12. h4 a6 13. h5 Nge7 14. Ng5 h6 15. Ne4
Nxe5 16. Nxe5 Qxe5 17. Nxc5 Qxc5 18. b4 Qg5 19. b5 e5 20. Re1 f6 21. bxa6 bxa6
22. Be4 Ra7 23. Qc4 Qxh5 24. Ba3 Rd7 25. Rac1 Qg4 26. Qb3 Rd8 27. Rc7 Rd7 28.
Rec1 Qxe4 29. Rxc8+ Rd8 1-0

[Event "Internationaal Jeugdtoernooi Limburg 1"]
[Site "Maastricht"]
[Date "1995.07.07"]
[Round "4"]
[White "Huberty, Marc"]
[Black "Driessens, Patrick"]
[Result "1-0"]
[WhiteElo "2125"]
[BlackElo "2085"]
[PlyCount "60"]
[EventDate "1995.07.06"]
[EventType "swiss"]
[EventRounds "7"]
[EventCountry "NED"]
[Source "P.Boonen"]
[SourceDate "2009.01.01"]

1. e4 e6 2. d4 d5 3. Nd2 Nf6 4. e5 Nfd7 5. f4 c5 6. c3 Nc6 7. Ndf3 Qb6 8. g3
Be7 9. Bh3 cxd4 10. cxd4 O-O 11. Kf1 f6 12. Kg2 Kh8 13. Ne2 fxe5 14. fxe5 Ndxe5
15. dxe5 Nxe5 16. Rf1 Nxf3 17. Rxf3 Rxf3 18. Kxf3 e5 19. Kg2 Bxh3+ 20. Kxh3 d4
21. g4 Rf8 22. Ng3 Qf6 23. Qe2 Qh4+ 24. Kg2 Bc5 25. Qxe5 b6 26. Qg5 Rf2+ 27.
Kxf2 Qxh2+ 28. Kf3 h6 29. Qh5 Qg1 30. Qe8+ Kh7 1-0

[Event "Internationaal Jeugdtoernooi Limburg 1"]
[Site "Maastricht"]
[Date "1995.07.07"]
[Round "4"]
[White "Kerstens, Dennis"]
[Black "Abeln, Michiel"]
[Result "0-1"]
[WhiteElo "2087"]
[BlackElo "2115"]
[PlyCount "61"]
[EventDate "1995.07.06"]
[EventType "swiss"]
[EventRounds "7"]
[EventCountry "NED"]
[Source "P.Boonen"]
[SourceDate "2009.01.01"]

1. e4 c5 2. Nf3 Nc6 3. Bb5 g6 4. O-O Bg7 5. Bxc6 dxc6 6. Re1 e5 7. d3 Qb6 8.
Nbd2 Ne7 9. b4 cxb4 10. Rb1 c5 11. Nc4 Qe6 12. Ncxe5 Qxa2 13. Bb2 O-O 14. Qc1
Qa6 15. Ra1 Qb5 16. Nc4 Be6 17. Nd6 Bxb2 18. Qxb2 Qc6 19. e5 Bd5 20. Ng5 Bxg2
21. Ngxf7 Bh3 22. Nh6+ Kg7 23. Re4 Nf5 24. Nhxf5+ gxf5 25. e6+ Kg6 26. e7 Rg8
27. Kh1 Bg4 28. Rg1 Kh5 29. Rgxg4 Rxg4 30. e8=Q+ Rxe8 31. Nxe8 0-1

[Event "Internationaal Jeugdtoernooi Limburg 1"]
[Site "Maastricht"]
[Date "1995.07.07"]
[Round "4"]
[White "Mueller, Alexander"]
[Black "Schreiber, Christophe"]
[Result "1/2-1/2"]
[WhiteElo "1850"]
[BlackElo "1950"]
[PlyCount "91"]
[EventDate "1995.07.06"]
[EventType "swiss"]
[EventRounds "7"]
[EventCountry "NED"]
[Source "P.Boonen"]
[SourceDate "2009.01.01"]

1. d4 d5 2. Nf3 Nf6 3. c3 e6 4. Bg5 Be7 5. e3 Nbd7 6. Bd3 c5 7. Nbd2 O-O 8. Ne5
Nxe5 9. dxe5 Nd7 10. Bxe7 Qxe7 11. f4 f6 12. exf6 Nxf6 13. O-O e5 14. fxe5 Qxe5
15. e4 Bg4 16. Qe1 c4 17. Bc2 Rad8 18. h3 Bd7 19. Qh4 dxe4 20. Rae1 g5 21. Qh6
g4 22. Nxe4 Nxe4 23. Rxf8+ Rxf8 24. Rxe4 Qc5+ 25. Rd4 Rf7 26. b4 Qe5 27. Re4
Qxc3 28. Qg5+ Qg7 29. Qxg7+ Rxg7 30. hxg4 Rxg4 31. Re7 Bc6 32. Bxh7+ Kh8 33.
Kf1 Bxg2+ 34. Ke1 Rg7 35. Rxg7 Kxg7 36. Bc2 Kf6 37. Kd2 Ke5 38. Kc3 Bf1 39. a4
b6 40. Bg6 Be2 41. Bf7 Bd1 42. a5 b5 43. Be8 Ba4 44. Bh5 Ke4 45. Bg6+ Ke3 46.
Bh5 1/2-1/2

[Event "Internationaal Jeugdtoernooi Limburg 1"]
[Site "Maastricht"]
[Date "1995.07.07"]
[Round "4"]
[White "Muris, Vivianne"]
[Black "De Blecourt, Sandra"]
[Result "0-1"]
[WhiteElo "1524"]
[BlackElo "1877"]
[PlyCount "96"]
[EventDate "1995.07.06"]
[EventType "swiss"]
[EventRounds "7"]
[EventCountry "NED"]
[Source "P.Boonen"]
[SourceDate "2009.01.01"]

1. e4 e6 2. d4 d5 3. exd5 exd5 4. c4 Nc6 5. Be3 Nf6 6. Nc3 Be6 7. c5 Bxc5 8.
dxc5 d4 9. Bxd4 Qxd4 10. Qxd4 Nxd4 11. O-O-O O-O-O 12. h3 Rd7 13. Nge2 Rhd8 14.
Nxd4 Rxd4 15. Rxd4 Rxd4 16. Be2 c6 17. Rd1 Rxd1+ 18. Bxd1 Kc7 19. a3 Bc4 20.
Bf3 Nd7 21. b4 Ne5 22. Be4 Bd3 23. Kb2 Bxe4 24. Nxe4 Nd3+ 25. Kc3 Nf4 26. Nd6
Nxg2 27. Nxf7 Nf4 28. Nd6 Nxh3 29. Ne8+ Kd8 30. Nxg7 Nxf2 31. Nf5 h5 32. Kd4
Kd7 33. Ke3 Ng4+ 34. Kf4 Nf6 35. Ke5 Nd5 36. Kd4 b6 37. cxb6 axb6 38. b5 Ne7
39. bxc6+ Nxc6+ 40. Kd5 Ne7+ 41. Nxe7 Kxe7 42. Ke5 h4 43. Kf4 Kd6 44. Kg4 Kc5
45. Kxh4 b5 46. Kg3 Kc4 47. Kf3 Kb3 48. Ke3 Kxa3 0-1

[Event "Internationaal Jeugdtoernooi Limburg 1"]
[Site "Maastricht"]
[Date "1995.07.07"]
[Round "4"]
[White "Pater, Evelien"]
[Black "Van Prooijen, Jan Willem"]
[Result "0-1"]
[WhiteElo "1874"]
[BlackElo "2110"]
[PlyCount "54"]
[EventDate "1995.07.06"]
[EventType "swiss"]
[EventRounds "7"]
[EventCountry "NED"]
[Source "P.Boonen"]
[SourceDate "2009.01.01"]

1. e4 d6 2. d4 Nf6 3. Nc3 g6 4. Nf3 Bg7 5. Be2 O-O 6. O-O c6 7. a4 a5 8. Bf4 d5
9. exd5 Nxd5 10. Nxd5 Qxd5 11. Ne5 Qd8 12. Bc4 Nd7 13. Nxd7 Bxd7 14. Re1 e6 15.
Qd2 b5 16. Bb3 Ra7 17. Bh6 Bxh6 18. Qxh6 Bc8 19. Rad1 Qf6 20. Re3 Rd7 21. Rh3
Qg7 22. Qxg7+ Kxg7 23. Rc3 Rfd8 24. Rxc6 bxa4 25. Bxa4 Rxd4 26. Rxd4 Rxd4 27.
Kf1 Bd7 0-1

[Event "Internationaal Jeugdtoernooi Limburg 1"]
[Site "Maastricht"]
[Date "1995.07.07"]
[Round "4"]
[White "Peek, Maurice"]
[Black "Segers, Stefan"]
[Result "1-0"]
[WhiteElo "2115"]
[BlackElo "1684"]
[PlyCount "67"]
[EventDate "1995.07.06"]
[EventType "swiss"]
[EventRounds "7"]
[EventCountry "NED"]
[Source "P.Boonen"]
[SourceDate "2009.01.01"]

1. e4 c5 2. Nf3 Nc6 3. d4 cxd4 4. Nxd4 d6 5. c4 g6 6. Nc3 Bg7 7. Be3 Nf6 8. Be2
Bd7 9. O-O O-O 10. h3 Rc8 11. b3 a6 12. Qd2 Re8 13. Rad1 Qa5 14. f4 Nb8 15. a3
Nc6 16. b4 Qc7 17. Nf3 Nd8 18. e5 Nh5 19. Kh2 Bf8 20. Nd5 Qb8 21. exd6 Qxd6 22.
c5 Qb8 23. Nb6 Bc6 24. Nxc8 Qxc8 25. Ne5 Nf6 26. Nxc6 Nxc6 27. Bf3 Bg7 28. Qc2
e5 29. Bxc6 Qxc6 30. Rd6 Qc8 31. fxe5 Rxe5 32. Bd4 Re6 33. Bxf6 Rxd6 34. Bxg7
1-0

[Event "Internationaal Jeugdtoernooi Limburg 1"]
[Site "Maastricht"]
[Date "1995.07.07"]
[Round "4"]
[White "Renette, Hans"]
[Black "Halmans, Paul"]
[Result "1-0"]
[WhiteElo "2071"]
[BlackElo "1700"]
[PlyCount "60"]
[EventDate "1995.07.06"]
[EventType "swiss"]
[EventRounds "7"]
[EventCountry "NED"]
[Source "P.Boonen"]
[SourceDate "2009.01.01"]

1. d4 Nf6 2. Nf3 e6 3. g3 c5 4. Bg2 Nc6 5. O-O d5 6. c4 Bd7 7. Nc3 cxd4 8. Nxd4
Bc5 9. Nb3 d4 10. Nb5 Be7 11. N5xd4 Qb6 12. e4 e5 13. Nxc6 Qxc6 14. Qe2 Be6 15.
Nd2 O-O 16. b3 Rfd8 17. Bb2 Bb4 18. Nb1 Bg4 19. f3 Bh5 20. Nc3 Qc5+ 21. Kh1 Rd7
22. Nd5 Nxd5 23. exd5 f6 24. a3 Ba5 25. b4 Bxb4 26. axb4 Qxb4 27. Ba3 Qb6 28.
Bh3 Rdd8 29. Be6+ Kh8 30. Be7 Re8 1-0

[Event "Internationaal Jeugdtoernooi Limburg 1"]
[Site "Maastricht"]
[Date "1995.07.07"]
[Round "4"]
[White "Schilperoort, Jeroen"]
[Black "Van Gemen, Felix"]
[Result "0-1"]
[WhiteElo "1620"]
[BlackElo "1700"]
[PlyCount "83"]
[EventDate "1995.07.06"]
[EventType "swiss"]
[EventRounds "7"]
[EventCountry "NED"]
[Source "P.Boonen"]
[SourceDate "2009.01.01"]

1. e4 e6 2. d4 d5 3. Nc3 Bb4 4. exd5 exd5 5. Bd3 c5 6. Bb5+ Nc6 7. Bxc6+ bxc6
8. Nge2 cxd4 9. Qxd4 Bxc3+ 10. Qxc3 Qf6 11. O-O Qxc3 12. Nxc3 f6 13. Re1+ Kf7
14. Na4 Ne7 15. Nc5 Rb8 16. b3 Bf5 17. Ba3 Rhe8 18. Re2 Ng6 19. Rae1 Bxc2 20.
Nb7 Rxe2 21. Nd6+ Kg8 22. Rxe2 Bd3 23. Rd2 Bb5 24. Bc5 a5 25. Nxb5 Rxb5 26. Rc2
a4 27. b4 Ne5 28. a3 Nd3 29. Bd4 Nxb4 30. axb4 Rxb4 31. Be3 d4 32. Bd2 Rb1+ 33.
Rc1 Rb2 34. Bf4 a3 35. Be3 dxe3 36. fxe3 a2 37. Ra1 Rb1+ 38. Rxb1 axb1=Q+ 39.
Kf2 Qd1 40. e4 c5 41. e5 fxe5 42. g4 0-1

[Event "Internationaal Jeugdtoernooi Limburg 1"]
[Site "Maastricht"]
[Date "1995.07.07"]
[Round "4"]
[White "Smeets, Christophe"]
[Black "Van Elmpt, Wouter"]
[Result "1-0"]
[WhiteElo "1933"]
[BlackElo "1550"]
[PlyCount "85"]
[EventDate "1995.07.06"]
[EventType "swiss"]
[EventRounds "7"]
[EventCountry "NED"]
[Source "P.Boonen"]
[SourceDate "2009.01.01"]

1. d4 Nf6 2. c4 e5 3. dxe5 Ng4 4. Nf3 Nc6 5. Bf4 Bb4+ 6. Nbd2 Qe7 7. a3 Ngxe5
8. Nxe5 Nxe5 9. e3 Bxd2+ 10. Qxd2 d6 11. Be2 O-O 12. O-O b6 13. Rac1 Bb7 14. b4
f5 15. c5 dxc5 16. bxc5 bxc5 17. Qb2 Ng6 18. Bc4+ Kh8 19. Qxb7 Rae8 20. Qxc7
Qh4 21. Qxc5 Nxf4 22. exf4 Qxf4 23. Bb5 Rd8 24. Qxa7 Rf6 25. Qe3 Qh4 26. Rc6
Rff8 27. Rc7 f4 28. Qe7 Qg4 29. Be2 Qg6 30. Bf3 h6 31. Be4 Qg4 32. h3 Qg5 33.
Qxg5 hxg5 34. Rfc1 Rde8 35. Bg6 Ra8 36. R1c3 Rfd8 37. Bf5 Rg8 38. Rc8 Ra5 39.
Bg6 Ra8 40. Rxa8 Rxa8 41. Bf5 Kg8 42. Rc8+ Rxc8 43. Bxc8 1-0

[Event "Internationaal Jeugdtoernooi Limburg 1"]
[Site "Maastricht"]
[Date "1995.07.07"]
[Round "4"]
[White "Strijbos, Maarten"]
[Black "Roobol, Martin"]
[Result "0-1"]
[WhiteElo "2276"]
[BlackElo "2275"]
[PlyCount "98"]
[EventDate "1995.07.06"]
[EventType "swiss"]
[EventRounds "7"]
[EventCountry "NED"]
[Source "P.Boonen"]
[SourceDate "2009.01.01"]

1. e4 c5 2. Nc3 Nc6 3. g3 g6 4. Bg2 Bg7 5. d3 e6 6. Be3 d6 7. Qd2 Nge7 8. Bh6
Bxh6 9. Qxh6 Nd4 10. O-O-O Qa5 11. Kb1 b5 12. Nf3 Nxf3 13. Bxf3 b4 14. Ne2 e5
15. Bg2 Be6 16. Nc1 Nc6 17. f4 O-O-O 18. Bh3 Bxh3 19. Qxh3+ Kb8 20. fxe5 Nxe5
21. d4 Nc4 22. Rhe1 Rc8 23. Nb3 Qb6 24. Qf1 cxd4 25. Rxd4 Qxd4 26. Nxd4 Nd2+
27. Kc1 Nxf1 28. Rxf1 Rc7 29. Kd2 Re8 30. Kd3 a6 31. Rf6 Rd8 32. Ke3 Kb7 33.
Kd3 Rdd7 34. Nb3 Kb6 35. c4 bxc3 36. bxc3 Rc8 37. Kd4 Kb5 38. Nd2 Kc6 39. Nc4
Kc7 40. Kd5 Rb8 41. a4 Rb1 42. Kd4 Rd1+ 43. Ke3 Rh1 44. Rf2 Re1+ 45. Kd3 Rd1+
46. Ke3 Re7 47. Kf4 Re1 48. Ne3 Kc6 49. g4 Re6 0-1